00729cam a22001937a 4500020001800000020001500018040000800033082002700041245003000068260007800098300003900176490003700215500007100252650002500323650002600348710005400374710004600428710006100474 a9789251079737 a9251079730 cDKU04a333 FOO 2013 A018 Or.00aForests challenge badge / a[Rome] :bFood and Agriculture Organization of the United Nations,c2013. a149 p. :bcol. ill., map ;c21 cm.1 aYUNGA learning and action series aAt head of title: Youth and United Nations Global Alliance (YUNGA) 0aForests and forestry 0aForests and forestry.2 aConvention on Biological Diversity (Organization)2 aYouth and United Nations Global Alliance.2 aFood and Agriculture Organization of the United Nations.